| 000 | 01056cam a2200313 a 4500 | ||
|---|---|---|---|
| 001 | 3560757 | ||
| 003 | OSt | ||
| 005 | 20161108175311.0 | ||
| 008 | 980514s1999 maua bi 001 0 eng | ||
| 010 | _a 98024796 | ||
| 020 | _a0073661120 | ||
| 020 | _a0073661139 | ||
| 020 | _a0071158561 | ||
| 035 | _a(DLC) 98024796 | ||
| 040 |
_aDLC _cDLC _dDLC |
||
| 050 | 0 | 0 |
_aTS155 _b.S7824 1999 |
| 082 | 0 | 0 |
_a658.5 STE 1999 _221 |
| 100 | 1 |
_aStevenson, William J. _95298 |
|
| 245 | 1 | 0 | _aProduction/Operations Management |
| 250 | _a6th ed. | ||
| 260 |
_aBoston : _bIrwin/McGraw-Hill, _cc1999. |
||
| 300 |
_axvi, 912 p. : _bill. (some col.) ; _c29 cm. + _edisc |
||
| 504 | _aIncludes bibliographical references and index. | ||
| 538 | _aSystem requirements for accompanying computer disc: Microsoft Windows 95 ; Microsoft Internet Explorer 3.0 or higher ; Netscape Navigator 3.0 or higher. | ||
| 650 | 0 |
_aProduction management. _91383 |
|
| 650 | 0 |
_aOperations management _97771 |
|
| 906 |
_a7 _bcbc _corignew _d1 _eocip _f19 _gy-gencatlg |
||
| 942 |
_2z _cSLOAN |
||
| 999 |
_c2042 _d2042 |
||